00719nam a2200241 a 450000100060000000300090000600800410001502000180005604000280007404100080010208200180011010000380012824500760016625000110024226000340025330000110028749000130029865000570031165000230036865000240039165000240041570000380043926468CO-ViMGA141112s2004 ck r 000 u spa d a9789588562629 aCO-ViMGAbspacCO-ViMGA aSPA04aCo866.44 E71c1 aJaramillo Escobar, Jaime, 1932 - 10aCartas con Geraldino Brasil : b1979 - 1996 / cJaime Jaramillo Escobar a1a ed. aMedellin : bTragaluz, c2014 a121 p. aCcartero14aBRASIL, GERALDINO - CORRESPONDENCIA, MEMORIAS, ETC. 14aCARTAS BRASILERAS 14aCARTAS COLOMBIANAS 14aPOETAS BRASILEÑOS1 aJaramillo Escobar, Jaime, 1932 -